[Event "XIV Festival A"]
[Site "Campobasso ITA"]
[Date "2007.07.21"]
[Round "3"]
[White "Mrdja, Milan"]
[Black "Safranska, Anda"]
[Result "1/2-1/2"]
[WhiteElo "2385"]
[BlackElo "2301"]
[PlyCount "120"]
[EventDate "2007.07.20"]

1. e4 g6 2. d4 Bg7 3. Nc3 c6 4. Bc4 b5 5. Bb3 a5 6. a4 b4 7. Nce2 d5 8. Nf3 e6
9. Ng3 Ba6 10. Bg5 Ne7 11. Qd2 h6 12. Be3 Nd7 13. O-O-O Nf6 14. exd5 cxd5 15.
Ne5 Rc8 16. Kb1 Nd7 17. Nd3 Bxd3 18. Qxd3 O-O 19. h4 h5 20. Bg5 Nf6 21. f3 Nh7
22. Bf4 Nc6 23. Ne2 Qd7 24. g4 Nf6 25. Bg5 hxg4 26. h5 Nh7 27. Bc1 g5 28. h6
Bf6 29. fxg4 Ne7 30. Rdf1 Ng6 31. Be3 Kh8 32. Ng3 Bd8 33. Nh5 Bc7 34. Rf2 Rg8
35. Rhf1 Rcf8 36. c3 bxc3 37. Qxc3 f5 38. Bc2 f4 39. Bd2 Nf6 40. Nxf6 Rxf6 41.
Rc1 Bb6 42. Rff1 Qa7 43. Rce1 Bxd4 44. Qxa5 Qxa5 45. Bxa5 e5 46. Rd1 Rb8 47. b4
Ne7 48. b5 Rxh6 49. Rfe1 Nc6 50. Bd2 Kg7 51. Ka2 Na7 52. Ba5 Nxb5 53. Rb1 Nc3+
54. Bxc3 Rxb1 55. Rxe5 Bxc3 56. Rxg5+ Kf6 57. Rf5+ Ke6 58. Bxb1 Be5 59. Rh5
Rxh5 60. gxh5 f3 1/2-1/2

[Event "XIV Festival A"]
[Site "Campobasso ITA"]
[Date "2007.07.21"]
[Round "3"]
[White "Parrella, Alfredo"]
[Black "De Carlo, Fabio"]
[Result "1-0"]
[WhiteElo "2137"]
[BlackElo "2070"]
[PlyCount "85"]
[EventDate "2007.07.20"]

1. d4 Nf6 2. c4 c5 3. d5 e6 4. Nc3 exd5 5. cxd5 d6 6. e4 g6 7. f4 Bg7 8. Bb5+
Nfd7 9. Nf3 O-O 10. a4 f5 11. exf5 Rxf5 12. O-O Na6 13. Bd3 Rf8 14. f5 Ne5 15.
fxg6 hxg6 16. Nxe5 Bxe5 17. Bxg6 Bd7 18. Rxf8+ Qxf8 19. Bg5 Qg7 20. Qh5 Rf8 21.
Bh6 Bg4 22. Bxg7 Bxh5 23. Bxf8 Bxg6 24. Rf1 Nb4 25. Bh6 Kh7 26. Be3 Nd3 27. Nd1
Kg7 28. Nf2 Nxb2 29. Ng4 Bd4 30. Bxd4+ cxd4 31. Rf4 d3 32. Rd4 b6 33. Ne3 Be8
34. Kf2 Kf6 35. Nc4 Nxc4 36. Rxc4 Ke5 37. Ke3 Kxd5 38. Rd4+ Kc5 39. Kxd3 Bg6+
40. Kc3 d5 41. h4 Be4 42. g4 Kd6 43. Rxe4 1-0

[Event "XIV Festival A"]
[Site "Campobasso ITA"]
[Date "2007.07.21"]
[Round "3"]
[White "Parrini, Daniele"]
[Black "Caporale, Giuseppe Guido"]
[Result "1-0"]
[WhiteElo "2026"]
[BlackElo "1850"]
[PlyCount "49"]
[EventDate "2007.07.20"]

1. e4 c5 2. Nf3 d6 3. d4 cxd4 4. Nxd4 Nf6 5. Nc3 a6 6. Be3 Ng4 7. Bg5 h6 8. Bh4
g5 9. Bg3 Bg7 10. Be2 Ne5 11. Nf5 Bxf5 12. exf5 Nbc6 13. Nd5 Nd7 14. Qd2 O-O
15. h4 e6 16. Ne3 d5 17. hxg5 Qxg5 18. Rh5 Qe7 19. Ng4 Nf6 20. Nxh6+ Bxh6 21.
Rxh6 Ne4 22. Qe3 f6 23. O-O-O Rf7 24. Rdh1 Ng5 25. Rh8+ 1-0

[Event "XIV Festival A"]
[Site "Campobasso ITA"]
[Date "2007.07.21"]
[Round "3"]
[White "Piro, Valerio"]
[Black "De Leon Cultri Fascetti, Angelo"]
[Result "1/2-1/2"]
[WhiteElo "2096"]
[BlackElo "2010"]
[PlyCount "55"]
[EventDate "2007.07.20"]

1. c4 Nf6 2. Nc3 g6 3. g3 Bg7 4. Bg2 O-O 5. Nf3 c6 6. O-O d6 7. d3 e5 8. Bg5 h6
9. Bxf6 Qxf6 10. e4 Qe7 11. b4 f5 12. Nd2 f4 13. g4 Nd7 14. Bf3 Qh4 15. Bg2 h5
16. h3 hxg4 17. Qxg4 Qxg4 18. hxg4 Nf6 19. f3 a6 20. a4 Be6 21. Kf2 Kf7 22. Rh1
Rh8 23. Rxh8 Rxh8 24. Rh1 Rxh1 25. Bxh1 Nd7 26. Bg2 Bf8 27. Bf1 Ke8 28. Be2
1/2-1/2

[Event "XIV Festival A"]
[Site "Campobasso ITA"]
[Date "2007.07.21"]
[Round "3"]
[White "Scerbo, Antonio"]
[Black "Basaric, Srdjan"]
[Result "1-0"]
[WhiteElo "2100"]
[BlackElo "2020"]
[PlyCount "69"]
[EventDate "2007.07.20"]

1. d4 Nf6 2. Nf3 d6 3. c4 Nbd7 4. Nc3 e5 5. e4 c6 6. Be2 Be7 7. O-O O-O 8. d5
Qc7 9. h3 a6 10. Be3 h6 11. Rc1 Qb8 12. b4 cxd5 13. cxd5 b5 14. a4 bxa4 15.
Qxa4 Bd8 16. Rb1 Bb6 17. Bxb6 Qxb6 18. Rfc1 Bb7 19. Nd2 Qa7 20. Qa5 Nb6 21. Ra1
Nfd7 22. Nb5 Qb8 23. Nc7 Ra7 24. b5 Rc8 25. Nxa6 Qa8 26. Nb3 f5 27. f3 Kf8 28.
Qb4 Ke7 29. Rc6 Bxa6 30. Qxd6+ Kd8 31. Rxa6 Rxa6 32. bxa6 Rxc6 33. dxc6 Qb8 34.
Qd2 Nc4 35. Qxd7# 1-0

[Event "XIV Festival A"]
[Site "Campobasso ITA"]
[Date "2007.07.21"]
[Round "3"]
[White "Vuelban, Virgilio"]
[Black "Stoyko, Maksym"]
[Result "1-0"]
[WhiteElo "2332"]
[BlackElo "2129"]
[PlyCount "127"]
[EventDate "2007.07.20"]

1. Nf3 e6 2. c4 Nf6 3. g3 b6 4. Bg2 Bb7 5. O-O Be7 6. Nc3 O-O 7. d4 Ne4 8. Nxe4
Bxe4 9. Bh3 c5 10. d5 exd5 11. Nd2 Bg6 12. Bg2 Nc6 13. cxd5 Nd4 14. a3 Bc2 15.
Qe1 Bg6 16. Ra2 Bh5 17. Nf3 Nxf3+ 18. exf3 d6 19. Be3 Bf6 20. Qd2 Qd7 21. h4
Bg6 22. Kh2 h5 23. Bf4 Rad8 24. Bg5 Bxg5 25. hxg5 Qf5 26. Raa1 Qd3 27. Rad1
Qxd2 28. Rxd2 Rde8 29. Bh3 c4 30. Bd7 Re7 31. Bc6 Rb8 32. Bb5 Rc8 33. Rc1 Rc5
34. Bc6 b5 35. f4 a5 36. b4 axb4 37. axb4 Rxc6 38. dxc6 Bd3 39. Rxd3 cxd3 40.
Rd1 Rc7 41. Rxd3 Rxc6 42. Rd5 Rc2 43. Kg2 Kf8 44. Rxb5 Ke7 45. f5 Rc7 46. Kf3
Kd7 47. Rb8 d5 48. b5 Kd6 49. g6 Ke5 50. gxf7 Rxf7 51. g4 hxg4+ 52. Kxg4 Kd6
53. b6 d4 54. b7 Kc7 55. Rd8 Kxb7 56. Rxd4 Kc6 57. Kg5 Rf6 58. f4 Kc7 59. Ra4
Kb6 60. Re4 Rf7 61. Kg6 Rd7 62. f6 gxf6 63. Kxf6 Kc6 64. f5 1-0

[Event "XIV Festival A"]
[Site "Campobasso ITA"]
[Date "2007.07.21"]
[Round "4"]
[White "Bitossi, Massimo"]
[Black "Bottega, Antonio"]
[Result "1/2-1/2"]
[WhiteElo "1892"]
[BlackElo "1986"]
[PlyCount "61"]
[EventDate "2007.07.20"]

1. d4 d5 2. Bf4 Nf6 3. e3 g6 4. Nf3 Bg7 5. Be2 c6 6. O-O Qb6 7. Qc1 O-O 8. c4
dxc4 9. h3 Be6 10. Nbd2 Nh5 11. Bg5 Re8 12. Nxc4 Bxc4 13. Qxc4 Nd7 14. b4 e5
15. dxe5 Nxe5 16. Nxe5 Rxe5 17. Bh4 Rae8 18. Bf3 Bf6 19. Bxf6 Nxf6 20. Rfd1 Ne4
21. Rd7 Ng5 22. Kh1 Qb5 23. Qxb5 Rxb5 24. a3 Nxf3 25. gxf3 Ree5 26. Rad1 c5 27.
bxc5 Rexc5 28. Re7 Rf5 29. Kg2 Ra5 30. Rxb7 Rxa3 31. Rd8+ 1/2-1/2

[Event "XIV Festival A"]
[Site "Campobasso ITA"]
[Date "2007.07.21"]
[Round "4"]
[White "Bocci, Alessandro"]
[Black "Di Lascio, Savino"]
[Result "1-0"]
[WhiteElo "1929"]
[BlackElo "2014"]
[PlyCount "143"]
[EventDate "2007.07.20"]

1. d4 Nf6 2. c4 e6 3. Nf3 b6 4. a3 Bb7 5. Nc3 Be7 6. d5 d6 7. e4 e5 8. Be2 h6
9. O-O Nbd7 10. Ne1 g5 11. Be3 Nf8 12. Nd3 Ng6 13. b4 O-O 14. c5 Nf4 15. Rc1
Kh7 16. cxd6 cxd6 17. Qd2 Rc8 18. Rc2 Rxc3 19. Qxc3 Nxe4 20. Qb2 Nxe2+ 21. Rxe2
f5 22. Rc1 Nf6 23. f3 Nxd5 24. Bf2 Qd7 25. Rec2 e4 26. fxe4 fxe4 27. Ne1 Qf5
28. h3 e3 29. Bxe3 Qf1+ 30. Kh2 Nxe3 31. Rc7 Qf4+ 32. Kg1 Qe4 33. Qb1 Rf1+ 34.
Kh2 Rf7 35. Rxb7 d5 36. Qxe4+ dxe4 37. Rd7 Nf1+ 38. Kh1 Ng3+ 39. Kh2 Nf5 40.
Kh1 h5 41. Rcc7 h4 42. Kg1 Kg6 43. Rxa7 Ng3 44. Nf3 exf3 45. gxf3 Kf6 46. Kg2
Nf5 47. Ra6 Ke6 48. Rd3 Bd6 49. Rxb6 Rc7 50. a4 Rc2+ 51. Kg1 Ke5 52. Rb5+ Ke6
53. Rb6 Rc4 54. a5 Nd4 55. a6 Ke5 56. a7 Rc8 57. Kf2 Rc2+ 58. Ke1 Ra2 59. Rxd6
Nxf3+ 60. Rxf3 Kxd6 61. Rf7 Ke6 62. Rb7 Kf5 63. b5 Kf4 64. b6 Kg3 65. Rb8 Ra1+
66. Ke2 Ra2+ 67. Kd3 Kxh3 68. a8=Q Rxa8 69. Rxa8 g4 70. b7 g3 71. b8=Q g2 72.
Ra1 1-0

[Event "XIV Festival A"]
[Site "Campobasso ITA"]
[Date "2007.07.21"]
[Round "4"]
[White "Borino, Paolo"]
[Black "Merendino, Riccardo"]
[Result "1/2-1/2"]
[WhiteElo "1968"]
[BlackElo "1879"]
[PlyCount "44"]
[EventDate "2007.07.20"]

1. f4 d5 2. Nf3 e6 3. e3 Nf6 4. b3 c5 5. Bb2 Nc6 6. Bb5 Bd7 7. O-O a6 8. Bxc6
Bxc6 9. Ne5 Be7 10. Nxc6 bxc6 11. d3 O-O 12. Nd2 Nd7 13. Nf3 Bf6 14. Ne5 Nxe5
15. fxe5 Be7 16. Qg4 Kh8 17. Rf3 f5 18. Qa4 Qb6 19. Raf1 Rad8 20. g4 g6 21. h4
Qb5 22. Qxb5 cxb5 1/2-1/2

[Event "XIV Festival A"]
[Site "Campobasso ITA"]
[Date "2007.07.21"]
[Round "4"]
[White "Canelli, Daniele"]
[Black "Gerardi, Saverio"]
[Result "0-1"]
[WhiteElo "2054"]
[BlackElo "2130"]
[PlyCount "42"]
[EventDate "2007.07.20"]

1. e4 c5 2. Nf3 Nc6 3. d4 cxd4 4. Nxd4 e6 5. Nc3 Qc7 6. Be3 a6 7. Be2 b5 8. a3
Bb7 9. Bf3 Ne5 10. O-O Nc4 11. Qc1 Rc8 12. Nce2 Nf6 13. Ng3 h5 14. h4 Bc5 15.
b4 Bb6 16. Qd1 Nxe3 17. fxe3 Qxg3 18. Qd3 Qxh4 19. e5 Ng4 20. Bxg4 hxg4 21. e4
g3 0-1

[Event "XIV Festival A"]
[Site "Campobasso ITA"]
[Date "2007.07.21"]
[Round "4"]
[White "Caporale, Giuseppe Guido"]
[Black "Capuano, Francesca"]
[Result "1-0"]
[WhiteElo "1850"]
[BlackElo "1934"]
[PlyCount "121"]
[EventDate "2007.07.20"]

1. e4 e5 2. Nf3 Nf6 3. Nxe5 d6 4. Nf3 Nxe4 5. Nc3 Nxc3 6. dxc3 Be7 7. Bd3 Nd7
8. Be3 Bf6 9. Bd4 O-O 10. O-O Re8 11. Re1 Bxd4 12. cxd4 Nf6 13. h3 c6 14. Qd2
h6 15. c4 Be6 16. Re2 Qd7 17. Kh2 Bf5 18. Rae1 Bxd3 19. Qxd3 Rxe2 20. Rxe2 Re8
21. b4 Rxe2 22. Qxe2 Qe8 23. Qxe8+ Nxe8 24. Kg3 g6 25. Kf4 Kg7 26. g4 Nc7 27.
Ke3 Kf6 28. h4 Ne6 29. d5 cxd5 30. cxd5 Nc7 31. Kd4 b5 32. Nd2 Ke7 33. f4 f5
34. g5 h5 35. Nb3 Na6 36. a3 Nb8 37. Na5 Kd7 38. Kc3 Kc7 39. Nb3 Kb6 40. Nd4 a5
41. Ne6 Nd7 42. Nd8 a4 43. Nc6 Nf8 44. Kd4 Nd7 45. Nd8 Kc7 46. Ne6+ Kc8 47. Kd3
Nb6 48. Nf8 Nc4 49. Nxg6 Kd8 50. Nf8 Ke7 51. Ne6 Kf7 52. Nd4 Nxa3 53. Nxf5 Nc4
54. Kc3 Kg6 55. Nd4 Ne3 56. f5+ Nxf5 57. Nxb5 Nxh4 58. Nxd6 Kxg5 59. b5 Nf3 60.
b6 Ne5 61. Nf7+ 1-0

[Event "XIV Festival A"]
[Site "Campobasso ITA"]
[Date "2007.07.21"]
[Round "4"]
[White "Castellano, Alfonso"]
[Black "Fagnani, Alessandro"]
[Result "1-0"]
[WhiteElo "1903"]
[BlackElo "1860"]
[PlyCount "57"]
[EventDate "2007.07.20"]

1. c4 e5 2. Nc3 Nf6 3. g3 Bc5 4. Bg2 Nc6 5. e3 d6 6. Nge2 O-O 7. O-O Re8 8. d4
exd4 9. exd4 Bb6 10. h3 Bf5 11. Be3 Ne4 12. a3 Nxc3 13. Nxc3 Qf6 14. b4 Bxd4
15. Nd5 Qe5 16. Bxd4 Nxd4 17. Nxc7 Bc2 18. Qd2 Ba4 19. Rae1 Qf6 20. Nxa8 Rxa8
21. b5 Nxb5 22. Qb4 Nc3 23. Re3 Nd1 24. Rf3 Qe6 25. Qxa4 Nb2 26. Qb4 Nxc4 27.
Re1 Ne5 28. Rfe3 Rb8 29. f4 1-0

[Event "XIV Festival A"]
[Site "Campobasso ITA"]
[Date "2007.07.21"]
[Round "4"]
[White "Chicco, Giancarlo"]
[Black "Guccione, Daniele"]
[Result "0-1"]
[WhiteElo "1658"]
[BlackElo "1879"]
[PlyCount "102"]
[EventDate "2007.07.20"]

1. d4 Nf6 2. Nf3 g6 3. h3 Bg7 4. Bf4 d6 5. e3 O-O 6. c3 c6 7. Be2 Nbd7 8. Nbd2
Re8 9. O-O e5 10. Bh2 e4 11. Ne1 Qe7 12. Nc4 d5 13. Nd6 Rd8 14. Nxc8 Raxc8 15.
Nc2 Ne8 16. Na3 b5 17. Nc2 Nb6 18. Nb4 Qb7 19. Rb1 a5 20. Nc2 Qe7 21. a3 Nd6
22. Bxd6 Rxd6 23. Na1 f5 24. Nb3 a4 25. Nc5 Qh4 26. Kh2 g5 27. g3 Qh6 28. Kg2
f4 29. exf4 gxf4 30. Bg4 f3+ 31. Kh2 Rf8 32. h4 Rg6 33. Bh3 Bf6 34. Rg1 Nc4 35.
Nd7 Rd8 36. Nxf6+ Rxf6 37. Qc1 Qxc1 38. Rgxc1 Nd2 39. Rd1 Nxb1 40. Rxb1 e3 41.
fxe3 Re8 42. Re1 f2 43. Re2 f1=Q 44. Bxf1 Rxf1 45. Kg2 Rf7 46. Kg1 h5 47. Kh2
Rfe7 48. Kg2 Rxe3 49. Rxe3 Rxe3 50. Kf2 Rd3 51. Kg2 Rd2+ 0-1

[Event "XIV Festival A"]
[Site "Campobasso ITA"]
[Date "2007.07.21"]
[Round "4"]
[White "De Carlo, Fabio"]
[Black "Ficco, Corrado"]
[Result "0-1"]
[WhiteElo "2070"]
[BlackElo "2158"]
[PlyCount "42"]
[EventDate "2007.07.20"]

1. c4 g6 2. Nc3 Bg7 3. g3 Nf6 4. Bg2 O-O 5. Nf3 d6 6. O-O e5 7. d4 Nbd7 8. e3
Re8 9. b4 c6 10. d5 c5 11. b5 e4 12. Ng5 h6 13. Nh3 Ne5 14. Qb3 Bg4 15. Bb2 Qd7
16. Nf4 Nf3+ 17. Kh1 Nd2 18. Qc2 Nxc4 19. Rab1 Nxb2 20. Rxb2 Bf3 21. Nfe2 Qh3
0-1

[Event "XIV Festival A"]
[Site "Campobasso ITA"]
[Date "2007.07.21"]
[Round "4"]
[White "De Leon Cultri Fascetti, Angelo"]
[Black "Stoyko, Maksym"]
[Result "0-1"]
[WhiteElo "2010"]
[BlackElo "2129"]
[PlyCount "76"]
[EventDate "2007.07.20"]

1. d4 e6 2. e4 d5 3. Nc3 Nf6 4. Bg5 dxe4 5. Nxe4 Be7 6. Bxf6 Bxf6 7. Nf3 Nd7 8.
Bd3 Be7 9. O-O O-O 10. c3 b6 11. Ne5 Nxe5 12. dxe5 Qd5 13. Qf3 Bb7 14. Qh3 h6
15. f4 f5 16. exf6 Bxf6 17. Rf3 e5 18. Rd1 Kh8 19. Qf5 exf4 20. Qh3 Qe5 21. Re1
Bc8 22. g4 fxg3 23. Qf1 gxh2+ 24. Kh1 Bb7 25. Rf5 Qg3 26. Qe2 Bh4 27. Rxf8+
Rxf8 28. Rf1 Rxf1+ 29. Qxf1 Qg1+ 30. Qxg1 hxg1=Q+ 31. Kxg1 Bd5 32. c4 Be6 33.
Nd2 Bf6 34. b3 g5 35. Kg2 Kg7 36. Nb1 Bb2 37. Nd2 Kf6 38. Ne4+ Ke5 0-1

[Event "XIV Festival A"]
[Site "Campobasso ITA"]
[Date "2007.07.21"]
[Round "4"]
[White "Fezza, Davide"]
[Black "De Toma, Francesco"]
[Result "1-0"]
[WhiteElo "2058"]
[BlackElo "1744"]
[PlyCount "39"]
[EventDate "2007.07.20"]

1. e4 c5 2. Nf3 d6 3. d4 cxd4 4. Nxd4 Nf6 5. Nc3 a6 6. Bg5 e6 7. f4 b5 8. e5
dxe5 9. fxe5 Qc7 10. exf6 Qe5+ 11. Be2 Qxg5 12. O-O Bc5 13. Kh1 Bb7 14. Bf3 Ra7
15. Bxb7 Rxb7 16. Ne4 Qe5 17. fxg7 Qxg7 18. Nxc5 Rc7 19. Ncxe6 fxe6 20. Nxe6
1-0

[Event "XIV Festival A"]
[Site "Campobasso ITA"]
[Date "2007.07.21"]
[Round "4"]
[White "Improta, Giovanni"]
[Black "Basaric, Srdjan"]
[Result "0-1"]
[WhiteElo "1935"]
[BlackElo "2020"]
[PlyCount "48"]
[EventDate "2007.07.20"]

1. d4 Nf6 2. Nd2 c5 3. dxc5 Na6 4. Nb3 e6 5. Be3 Qc7 6. Qd4 Nd5 7. O-O-O Nxe3
8. Qxe3 Nxc5 9. Nxc5 Bxc5 10. Qc3 O-O 11. Nf3 a5 12. e3 a4 13. Nd4 d5 14. a3
Bd7 15. Bd3 Rfc8 16. Kd2 e5 17. Nb5 Bxb5 18. Bxb5 Qb6 19. Qd3 Ra5 20. c4 dxc4
21. Bxc4 Rd8 22. Bd5 Rxd5 23. Qxd5 Bxe3+ 24. fxe3 Rxd5+ 0-1

[Event "XIV Festival A"]
[Site "Campobasso ITA"]
[Date "2007.07.21"]
[Round "4"]
[White "Iodice, Fabio"]
[Black "Parrini, Daniele"]
[Result "0-1"]
[WhiteElo "1986"]
[BlackElo "2026"]
[PlyCount "80"]
[EventDate "2007.07.20"]

1. Nf3 c5 2. c4 Nc6 3. g3 g6 4. Bg2 Bg7 5. Nc3 Nf6 6. O-O O-O 7. d4 cxd4 8.
Nxd4 Nxd4 9. Qxd4 d6 10. Bd2 a6 11. Rac1 Nd7 12. Qe4 Nc5 13. Qc2 Bf5 14. e4 Bg4
15. Be3 Bd7 16. Rfd1 a5 17. Rd2 b6 18. Rcd1 Bc6 19. Nd5 Bxd5 20. Rxd5 Qc7 21.
Qd2 Na4 22. Rb1 Nc5 23. Bd4 Bxd4 24. Qxd4 f6 25. Qd2 Kg7 26. b3 Ra7 27. Rd1 Rb8
28. Qe2 Qc8 29. h4 h5 30. Kh2 Qe8 31. Bh3 b5 32. cxb5 Qxb5 33. Qxb5 Rxb5 34.
Bf1 Rb4 35. f3 a4 36. bxa4 Rbxa4 37. Rb1 Rxa2+ 38. Kh3 Rf2 39. Bc4 Rxf3 40. Rb8
Nxe4 0-1

[Event "XIV Festival A"]
[Site "Campobasso ITA"]
[Date "2007.07.21"]
[Round "4"]
[White "Lazarev, Vladimir"]
[Black "Parrella, Alfredo"]
[Result "1-0"]
[WhiteElo "2498"]
[BlackElo "2137"]
[PlyCount "53"]
[EventDate "2007.07.20"]

1. d4 Nf6 2. c4 g6 3. Nc3 Bg7 4. e4 d6 5. h3 O-O 6. Bg5 c5 7. d5 h6 8. Be3 e6
9. Bd3 exd5 10. cxd5 Re8 11. Nf3 Na6 12. O-O Nb4 13. Bb1 Bd7 14. a3 Na6 15. Bd3
Nc7 16. Bf4 Qe7 17. Qd2 g5 18. Bg3 Nh5 19. Bh2 Qf8 20. Rfe1 g4 21. hxg4 Bxg4
22. Nh4 Rad8 23. Be2 Nf6 24. Bxg4 Nxg4 25. Bg3 Qe7 26. Nf5 Qf6 27. Bh4 1-0

[Event "XIV Festival A"]
[Site "Campobasso ITA"]
[Date "2007.07.21"]
[Round "4"]
[White "Ljubisavljevic, Zivojin Z."]
[Black "Mrdja, Milan"]
[Result "1/2-1/2"]
[WhiteElo "2296"]
[BlackElo "2385"]
[PlyCount "67"]
[EventDate "2007.07.20"]

1. e4 c5 2. f4 Nc6 3. Nf3 e6 4. Bb5 Nge7 5. O-O a6 6. Bxc6 Nxc6 7. d3 Be7 8.
Nc3 O-O 9. Ne2 d5 10. Ng3 b5 11. Bd2 dxe4 12. Nxe4 Bb7 13. Be3 Nd4 14. Bxd4
cxd4 15. Qe2 Rc8 16. Rac1 Qd5 17. a3 Rfd8 18. Ng3 g6 19. Ne5 Rc7 20. Ne4 Kg7
21. Rf2 f6 22. Nf3 Qa2 23. c3 dxc3 24. Rxc3 Rxc3 25. Nxc3 Qb3 26. Qe3 Bxf3 27.
gxf3 Rd7 28. Kg2 Kf7 29. Re2 a5 30. d4 b4 31. axb4 axb4 32. d5 Rd6 33. f5 e5
34. Qh6 {...} 1/2-1/2

[Event "XIV Festival A"]
[Site "Campobasso ITA"]
[Date "2007.07.21"]
[Round "4"]
[White "Mazza, Daniele"]
[Black "Gatti, Francesco"]
[Result "0-1"]
[WhiteElo "1757"]
[BlackElo "1760"]
[PlyCount "116"]
[EventDate "2007.07.20"]

1. e4 c5 2. c3 Nf6 3. e5 Nd5 4. Nf3 d6 5. d4 Nc6 6. exd6 exd6 7. Bc4 Nb6 8. Bb3
Be7 9. O-O O-O 10. Qd3 Bf6 11. Bc2 g6 12. Be3 Bf5 13. Qe2 Bxc2 14. Qxc2 cxd4
15. cxd4 Rc8 16. Nc3 Nb4 17. Qe4 d5 18. Qg4 Nc2 19. Rac1 Nxe3 20. fxe3 h5 21.
Qg3 Nc4 22. Qf2 Bg7 23. Nd2 Nxb2 24. Qe2 Re8 25. Qf3 Nd3 26. Rc2 Qd7 27. Rb1 b5
28. a3 a5 29. Qe2 Nf4 30. Qf3 Ne6 31. Rbc1 Bxd4 32. Nxd5 Rxc2 33. Rxc2 Ng5 34.
Nf6+ Bxf6 35. Qxf6 Ne4 36. Qd4 Qxd4 37. exd4 Nxd2 38. Rxd2 Rd8 39. Kf2 Rd5 40.
Ke3 f5 41. g3 Kf7 42. Rc2 Ke6 43. Rc6+ Rd6 44. Rc5 Rb6 45. Kf4 b4 46. Rxa5 b3
47. Re5+ Kd6 48. Re1 b2 49. Rb1 Kd5 50. Ke3 Kc4 51. Kd2 Kb3 52. d5 Rd6 53. a4
Rxd5+ 54. Ke2 Kc2 55. Rxb2+ Kxb2 56. Kf3 Kb3 57. Kf4 Kxa4 58. h4 Kb4 0-1

[Event "XIV Festival A"]
[Site "Campobasso ITA"]
[Date "2007.07.21"]
[Round "4"]
[White "Palladino, Andrea"]
[Black "Piro, Valerio"]
[Result "1/2-1/2"]
[WhiteElo "1980"]
[BlackElo "2096"]
[PlyCount "96"]
[EventDate "2007.07.20"]

1. e4 c6 2. d4 d5 3. Nc3 dxe4 4. Nxe4 Bf5 5. Ng3 Bg6 6. h4 h6 7. Nf3 Nd7 8. h5
Bh7 9. Bd3 Bxd3 10. Qxd3 Ngf6 11. Bf4 Qa5+ 12. Bd2 Qc7 13. O-O-O e6 14. Ne4 Be7
15. g3 O-O 16. Kb1 c5 17. g4 Nxe4 18. Qxe4 Nf6 19. Qe2 Nh7 20. g5 Nxg5 21. Ne5
cxd4 22. f4 Nh7 23. Rdg1 Bf6 24. Ng4 Kh8 25. Rh3 d3 26. cxd3 Qb6 27. Be3 Bd4
28. Qg2 Bxe3 29. Rxe3 Qc6 30. Qg3 Rg8 31. Ne5 Qe8 32. Re2 Nf6 33. Qh4 Nd7 34.
Ng4 Qd8 35. Qg3 Nf6 36. Ne5 Qf8 37. Qh3 Nd5 38. Re4 Ne7 39. Rc4 Rc8 40. Rgc1
Rxc4 41. Rxc4 Nd5 42. f5 Qe7 43. Re4 Qf6 44. fxe6 fxe6 45. Ng6+ Kh7 46. Rxe6
Qf2 47. Qh1 Ne3 48. Qc1 Nf1 1/2-1/2

[Event "XIV Festival A"]
[Site "Campobasso ITA"]
[Date "2007.07.21"]
[Round "4"]
[White "Petruccioli, Antonio"]
[Black "Amato, Andrea"]
[Result "0-1"]
[WhiteElo "2100"]
[BlackElo "2267"]
[PlyCount "112"]
[EventDate "2007.07.20"]

1. e4 e6 2. d4 d5 3. exd5 exd5 4. Nf3 Nf6 5. Bd3 Bg4 6. h3 Bh5 7. O-O Nc6 8. c3
Be7 9. Nbd2 O-O 10. b4 Bd6 11. b5 Ne7 12. Qc2 Bg6 13. Ne5 Bxd3 14. Qxd3 Nd7 15.
Ndf3 f6 16. Ng4 Nb6 17. a4 Qd7 18. Ne3 a6 19. a5 axb5 20. Ba3 Rxa5 21. Bxd6
Rxa1 22. Rxa1 Qxd6 23. Qxb5 Qd7 24. Qb3 Nf5 25. Nxf5 Qxf5 26. Ra7 Rb8 27. Qb4
Kf7 28. Qc5 Qd7 29. Ne1 Qe7 30. Nd3 Qd7 31. Qb4 g5 32. Nc5 Qc6 33. Qb1 Kg7 34.
g3 Qe8 35. Kg2 Qg6 36. Qxg6+ Kxg6 37. Ne6 Nc8 38. Ra3 c6 39. Rb3 b6 40. Nc7 Kf7
41. Na6 Rb7 42. Nc5 Ra7 43. Nd3 Ke6 44. h4 gxh4 45. gxh4 Ra1 46. Nb4 Kd7 47.
Nd3 Ke6 48. Nb4 c5 49. dxc5 bxc5 50. Nc2 Rc1 51. Ne3 d4 52. cxd4 cxd4 53. Nf1
Nd6 54. Nd2 Kd5 55. Nf3 Rc3 56. Rb5+ Nxb5 0-1

[Event "XIV Festival A"]
[Site "Campobasso ITA"]
[Date "2007.07.21"]
[Round "4"]
[White "Safranska, Anda"]
[Black "Vuelban, Virgilio"]
[Result "0-1"]
[WhiteElo "2301"]
[BlackElo "2332"]
[PlyCount "76"]
[EventDate "2007.07.20"]

1. e4 c5 2. Nf3 Nc6 3. Bb5 e6 4. Bxc6 bxc6 5. O-O d5 6. d3 Nf6 7. Nbd2 Be7 8.
b3 O-O 9. Bb2 a5 10. a4 Ba6 11. Re1 Nd7 12. c4 Re8 13. Nf1 Rb8 14. Bc3 d4 15.
Bd2 e5 16. Rb1 Bd6 17. Ng3 g6 18. Rf1 Nf8 19. Ne1 Ne6 20. Ne2 Bc8 21. g3 Ng7
22. Ng2 f5 23. f3 Rb7 24. Qe1 Bc7 25. Kh1 Bb6 26. Ng1 Rf7 27. Qe2 Bc7 28. Rbe1
f4 29. g4 h5 30. h3 Kh7 31. Qd1 Rh8 32. Ne2 hxg4 33. hxg4 Kg8+ 34. Kg1 Ne6 35.
Kf2 Rh2 36. Kg1 Rfh7 37. Nc1 Ng5 38. Qc2 R7h3 0-1

[Event "XIV Festival A"]
[Site "Campobasso ITA"]
[Date "2007.07.21"]
[Round "4"]
[White "Sannino, Raffaele"]
[Black "Grasso, Nino"]
[Result "0-1"]
[WhiteElo "2037"]
[BlackElo "1981"]
[PlyCount "105"]
[EventDate "2007.07.20"]

1. d4 Nf6 2. Nf3 c5 3. d5 b5 4. a4 b4 5. c4 g6 6. Nbd2 Bg7 7. e4 d6 8. Be2 O-O
9. O-O Nbd7 10. Ra2 Rb8 11. b3 Qc7 12. Bb2 a5 13. Qa1 Nh5 14. Bxg7 Nxg7 15. Re1
e6 16. Bd3 e5 17. Nf1 Nb6 18. Ne3 f5 19. Nd1 fxe4 20. Bxe4 Bf5 21. Rae2 Rf6 22.
Nd2 Rbf8 23. Nb2 Qf7 24. Nd3 Bd7 25. Nf3 Nf5 26. Bxf5 gxf5 27. Ndxe5 dxe5 28.
Nxe5 Qg7 29. Nd3 f4 30. Re7 R8f7 31. Rxf7 Kxf7 32. Qe5 Kg8 33. Qb8+ Nc8 34.
Nxf4 Rf8 35. g3 Ne7 36. Qd6 Nf5 37. Qxc5 Nh4 38. Qe3 Re8 39. Ne6 Qg4 40. Re2
Nf3+ 41. Kg2 Ng5 42. f3 Qh3+ 43. Kg1 Nxe6 44. dxe6 Rxe6 45. Qg5+ Kf7 46. Qd5
Bc6 47. Qd3 Rxe2 48. Qxe2 Qf5 49. Kf2 Qb1 50. g4 Qxb3 51. h4 Qxf3+ 52. Qxf3+
Bxf3 53. Kxf3 0-1

[Event "XIV Festival A"]
[Site "Campobasso ITA"]
[Date "2007.07.21"]
[Round "4"]
[White "Scalcione, Michelangelo"]
[Black "Gromovs, Sergejs"]
[Result "1-0"]
[WhiteElo "2288"]
[BlackElo "2368"]
[PlyCount "51"]
[EventDate "2007.07.20"]

1. Nf3 Nf6 2. c4 e6 3. Nc3 d5 4. d4 c6 5. Bg5 h6 6. Bxf6 Qxf6 7. Qb3 Nd7 8. e4
dxe4 9. Nxe4 Qf4 10. Bd3 Nf6 11. Ng3 Qc7 12. O-O Bd6 13. Rfe1 O-O 14. Rad1 b6
15. Bb1 Bb7 16. Qc2 Rfd8 17. Ne5 c5 18. Ng4 Nxg4 19. Qh7+ Kf8 20. Nf5 Ke8 21.
Nxg7+ Kd7 22. Nxe6 Bxh2+ 23. Kf1 Ne3+ 24. Rxe3 Qd6 25. Qxf7+ Kc8 26. Nxd8 1-0

[Event "XIV Festival A"]
[Site "Campobasso ITA"]
[Date "2007.07.21"]
[Round "4"]
[White "Scerbo, Antonio"]
[Black "Di Gianni, Rocco"]
[Result "1-0"]
[WhiteElo "2100"]
[BlackElo "2136"]
[PlyCount "97"]
[EventDate "2007.07.20"]

1. d4 d6 2. c4 g6 3. Nc3 Bg7 4. e4 Nc6 5. Be3 e5 6. d5 Nce7 7. c5 Nf6 8. cxd6
cxd6 9. Qa4+ Bd7 10. Qb4 Qb8 11. Nb5 Bxb5 12. Bxb5+ Kf8 13. Nf3 h6 14. O-O Kg8
15. Rac1 Kh7 16. Rc2 Rc8 17. Rxc8 Nxc8 18. Rc1 Bf8 19. Nxe5 Kg8 20. Nd7 Nxd7
21. Bxd7 Ne7 22. Bf4 Qd8 23. Qxd6 Nf5 24. Qc7 Nd4 25. Qc4 Nf3+ 26. gxf3 Qxd7
27. Qc7 Qh3 28. Qxb7 Re8 29. Qxa7 Qxf3 30. Qe3 Qg4+ 31. Qg3 Qe2 32. f3 Qxb2 33.
Qf2 Qf6 34. Bg3 Ba3 35. Rd1 Rc8 36. Kg2 Bd6 37. Qe2 Bxg3 38. hxg3 h5 39. e5 Qf5
40. Rd2 h4 41. e6 Qg5 42. exf7+ Kg7 43. Qf2 hxg3 44. Qd4+ Kxf7 45. d6 Qh6 46.
Qd5+ Kf8 47. Kxg3 Rc1 48. d7 Rg1+ 49. Rg2 1-0